000 00466nam a22001577a 4500
008 150721b xxu||||| |||| 00| 0 eng d
020 _a3950149759
041 0 _aeng
041 0 _aalb
080 _a72
245 _aarchdiploma 2005 /
_cUniversity of Technology Vienna.
260 _aVienna :
_bTechnische Universitat Wien, Fakultat fur Architektur und Raumplangung 2005;
_c2005.
300 _a250 f.:
_bme il.;
_c26 cm.
650 0 _aArkitekturë
942 _2udc
_cBK
999 _c1129
_d1129